000 00612nam a2200241Ia 4500
003 OSt
005 20220918203558.0
006 a|||||r|||| 00| 0
007 ta
008 220917b |||||||| |||| 00| 0 eng d
024 _a109,065
037 _cTextual
040 _aARTS
_cARTS
_beng
041 _2eng
_aeng
082 _aV4-58:1:N3, J1
100 _aCoates W P
_9105993
245 0 _aSoviets in Central Asia
260 _c1951
650 _aHISTORY
700 _a Coates Zelda K
_9109186
942 _hV4-58:1:N3, J1
_cTEXL
_2CC
999 _c232419
_d232419